Stranger Things - Mort subite - Statistiques

Statistiques générales
  • Ce quiz a été pris 2 204 fois
  • Le résultat moyen est 11 sur 20
Answers on the Grid
Answers color-coded by a green-red scale on the quiz's grid according to % correct below.
Kyle
Yuri
Barbara
Eric
Max
Justin
Jim
Zach
Benny
Calvin
Corey
Fred
Dustin
Ted
Amy
Scott
Erica
Murray
Alison
Kali
Dmitri
Will
Argyle
Todd
Mike
Tyler
Joyce
Derak
Alexei
Steve
 
Statistiques - réponses
Réponse % Correct
Barbara
87%
Max
79%
Dustin
72%
Erica
70%
Will
69%
Joyce
68%
Mike
68%
Murray
67%
Steve
66%
Alexei
63%
Jim
61%
Yuri
58%
Kali
57%
Ted
50%
Argyle
44%
Benny
34%
Dmitri
29%
Fred
23%
Scott
20%
Calvin
4%
Aucun quiz correspondant
Distribution des résultats
% des personnes avec chaque résultat
Percentile par nombre de réponses
Votre historique - résultats
Vous n’avez pas pris ce quiz